000 03649nam a2200337 a 4500
003 OSt
005 20250707092450.0
007 cr ||||||a|a|a
008 250623s2025 mx a|||fom||| 001 0 spa d
040 _erda
100 1 _aGarcía Cortés, José Hugo
_9190499
245 1 0 _aFertilización con microelementos en la calidad de las brácteas de la nochebuena Euphorbia Pulcherrima variedad Prestige Red/
_cpor José Hugo García Cortés; director de tesis Humberto Villegas Rodríguez; secretario María Teresa Beryl Colinas León; vocal Diana Guerra Ramírez; suplente Marcelino Aurelio Pérez Vivar; suplente Domingo Montalvo Hernández.
264 1 _aChapingo, México :
_bEl autor,
_c2024.
300 _a1 recurso en línea (93 páginas):
_bcuadros, figuras.
336 _2rdacontent
_atexto
_btxt
337 _2rdamedia
_acomputadora
_bc
338 _2rdacarrier
_arecurso en línea
_bcr
502 _bIAEF
_cFitotecnia
_d2024.
_gLIC
504 _aIncluye referencias bibliográficas: páginas 73-84.
520 _aEn la zona del centro de México se cultiva la nochebuena Euphorbia pulcherrima que aporta miles de empleos y genera derrama económica en el Estado de México, Morelos y Puebla que son los principales productores. La problemática que enfrentan los productores de esta zona es la fragilidad de los tallos y las brácteas de la nochebuena que se desprenden con facilidad. Con la finalidad de apoyar en la solución de esta limitante, se realizó un estudio sobre la fertilización con microelementos como Fe, Zn, Cu, B, Mo y Mn y como pueden estos micronutrientes mejorar las brácteas de la nochebuena de la variedad Prestige red, brindando una mayor calidad. Para esta prueba se usó un diseño experimental completamente al azar DCA en el que se establecieron 4 tratamientos con 6 repeticiones cada uno, con un total de 24 unidades experimentales, en las que se aplicaron 3 concentraciones distintas de molibdato de sodio 10, 100 y 200 mg/ L de agua y un testigo con una solución nutritiva específica, también 3 concentraciones distintas de fertilizante con microelementos quelados 1, 2 y 3 g/ L de agua y un testigo con una solución nutritiva especifica. La primera semana se aplicó molibdato de sodio y la segunda el fertilizante quelado, y así sucesivamente durante 6 semanas. Los tratamientos con molibdato de sodio no presentaron cambios significativos en las variables del crecimiento observadas, pero si se notaron diferencias de turgencia en los tallos y de pigmentación en las brácteas. El fertilizante con microelementos quelados presento diferencias significativas para las variables de materia seca, cenizas, extracto etéreo, proteína y fibra crudas, pero no demostró cambios significativos en los ensayos de contenido fenólico total y capacidad antioxidante mediante el método FRAP y ABTS. Los tratamientos con fertilizante con microelementos quelados aumentan el contenido de antocianinas en las brácteas de la nochebuena.
650 4 _aFertilizantes
_xEfecto en Euphorbia pulcherrima
_9190769
650 4 _aEuphorbia pulcherrima
_xMicronutrientes
_9190770
650 4 _aEuphorbia pulcherrima
_xCalidad
_9190771
700 1 _aVillegas Rodríguez, Humberto
_edirector de tesis.
_9119771
700 1 _aColinas León, María Teresa Beryl
_9155079
_esecretario.
700 1 _aGuerra Ramírez, Diana
_9149184
_evocal.
700 1 _aPérez Vivar, Marcelino Aurelio
_990097
_esuplente.
700 1 _aMontalvo Hernández, Domingo
_esuplente.
_977714
856 _uhttp://10.13.5.2/tesis/tl/1710812-6_GARCIA_CORTES_JOSEHUGO.pdf
_zDESCARGAR PDF
942 _2Clasificación Universidad Autónoma Chapingo
_cTD
999 _c220665
_d220665